00673nam a22000977a 4500040000800000082002700008100006300035245036500098300002500463856008700488 cRUA aAGR OUC 2009 B470 Or.1 aOUCH CHANRITH; អ៊ុច ច័ន្ទឬទ្ធិ aComparison of organic fertilizer on cucumber( cucummis sarivus ) at crops station in riyal university of agriculture, ប្រៀបធៀបជីធម្មជាតិទៅលើដំណាំត្រសក់ នៅក្នុងស្ថានីយ៍ដំណាំ សាកលវិទ្យាល័យភូមិន្ទកសិកម្ម axi,40p.bill.c29cm. uhttps://drive.google.com/file/d/163tThdo0UodLPmagsLksuXZYPNuemO8q/view?usp=sharing